000 00651nam a2200253Ia 4500
003 OSt
005 20221002054631.0
006 a|||||r|||| 00| 0
007 ta
008 220930b |||||||| |||| 00| 0 eng d
024 _a66083
037 _cReference Collections
040 _aCRL
_cCRL
_beng
041 _2eng
_aeng
082 _awn1,N36, J9
245 0 _aInternational who's who 1959
250 _a23rd
260 _aLondon
_bEuropa Publications UK
_c1959
300 _a980p.
_ccm.
650 _a BIOGRAPHY
650 _aPOLITICAL SCIENCE
942 _hwn1,N36, J9
_cref
_2CC
999 _c925368
_d925368